| 000 | 00660nam a22002057a 4500 | ||
|---|---|---|---|
| 005 | 20251108175156.0 | ||
| 008 | 250721s2011 xx 000 0 ara d | ||
| 082 | 1 | 4 | _aم/346.04/غرف |
| 245 | 1 | 0 | _aمجموعة دراسات إقتصادية للعام 2011 / |
| 264 | 1 |
_aعمان : _bمطابع الدستور التجارية، _c2011. |
|
| 300 | _a164 ص. | ||
| 650 | 1 | 7 | _aالمالكون |
| 650 | 1 | 7 | _aالإيجار |
| 650 | 1 | 7 | _aالقانون |
| 650 | 1 | 7 | _aالإقتصاد الإجتماعي |
| 653 | _aغرفة تجارة عمان | ||
| 710 | 2 |
_aاعداد غرفة تجارة عمان _eمؤلف |
|
| 942 |
_2ddc _cREF |
||
| 999 |
_c127934 _d127934 |
||